[Event "EU Small Countries ol 7th"]
[Site "Sliema"]
[Date "2021.12.04"]
[Round "9.4"]
[White "Dornbusch, Tatiana"]
[Black "Illi, Hans Joerg"]
[Result "1-0"]
[WhiteElo "2239"]
[BlackElo "1958"]
[PlyCount "39"]
[EventDate "2021.11.28"]
[EventType "team-tourn"]
[EventRounds "9"]
[EventCountry "MLT"]
[SourceTitle "EXT 2023"]
[Source "ChessBase"]
[SourceDate "2022.10.05"]
[SourceVersion "1"]
[SourceVersionDate "2022.10.05"]
[SourceQuality "1"]
[WhiteTeam "Monaco"]
[BlackTeam "Liechtenstein"]
[WhiteTeamCountry "MNC"]
[BlackTeamCountry "LIE"]

1. d4 Nf6 2. Nf3 e6 3. g3 b6 4. Bg2 Bb7 5. 0-0 Be7 6. c4 c6 7. Nc3 d5 8. Qa4 Nbd7 9. Bf4 a6 10. cxd5 cxd5 11. Rfc1 b5 12. Qb3 Qb6 13. a4 0-0 14. axb5 Bc6 15. Ne5 Bxb5 16. Nxb5 axb5 17. Nc6 Rxa1 18. Nxe7+ Kh8 19. Rxa1 Re8 20. Qb4 1-0

[Event "EU Small Countries ol 7th"]
[Site "Sliema"]
[Date "2021.11.29"]
[Round "2.5"]
[White "Illi, Hans Joerg"]
[Black "Ribera Baztan, Jose"]
[Result "0-1"]
[WhiteElo "1958"]
[BlackElo "2061"]
[PlyCount "56"]
[EventDate "2021.11.28"]
[EventType "team-tourn"]
[EventRounds "9"]
[EventCountry "MLT"]
[SourceTitle "CBM 205 Extra"]
[Source "ChessBase"]
[SourceDate "2022.01.31"]
[SourceVersion "1"]
[SourceVersionDate "2022.01.31"]
[SourceQuality "1"]
[WhiteTeam "Liechtenstein"]
[BlackTeam "Andorra"]
[WhiteTeamCountry "LIE"]
[BlackTeamCountry "AND"]

1. d4 f5 2. Nf3 Nf6 3. Bg5 e6 4. Nbd2 Be7 5. Bxf6 Bxf6 6. e4 d5 7. exf5 exf5 8. Bd3 0-0 9. 0-0 Nc6 10. c3 Qd6 11. Qc2 g6 12. Rfe1 Bd7 13. Re2 Rae8 14. Rae1 Rxe2 15. Rxe2 Re8 16. Qd1 Kg7 17. h4 Nd8 18. Qe1 Rxe2 19. Qxe2 Nf7 20. g3 f4 21. Kg2 b6 22. Bb5 c6 23. Bd3 c5 24. Bb5 Bg4 25. Qe8 cxd4 26. cxd4 fxg3 27. fxg3 Qb4 28. Nb3 Nd6 0-1

[Event "EUR-chT Seniors 65"]
[Site "Mali Losinj"]
[Date "2019.09.22"]
[Round "5.2"]
[White "Illi, Hans Joerg"]
[Black "Kiefer, Gerhard"]
[Result "0-1"]
[WhiteElo "1987"]
[BlackElo "2227"]
[PlyCount "68"]
[EventDate "2019.09.18"]
[EventType "team-swiss"]
[EventRounds "9"]
[EventCountry "CRO"]
[SourceTitle "EXT 2020"]
[Source "ChessBase"]
[SourceDate "2019.10.17"]
[SourceVersion "1"]
[SourceVersionDate "2019.10.17"]
[SourceQuality "1"]
[WhiteTeam "Switzerland 65"]
[BlackTeam "Germany 65"]
[WhiteTeamCountry "SUI"]
[BlackTeamCountry "GER"]

1. d4 Nf6 2. Nf3 g6 3. Bg5 Bg7 4. Nbd2 0-0 5. c3 d6 6. e4 h6 7. Bh4 c5 8. dxc5 dxc5 9. Bc4 Nc6 10. Qc2 Nh5 11. 0-0 Na5 12. Be2 Nf4 13. Rfe1 Nxe2+ 14. Rxe2 Be6 15. Rd1 Qc7 16. b3 Nc6 17. Bg3 Qa5 18. e5 Rad8 19. Ne4 Rxd1+ 20. Qxd1 Bg4 21. Ned2 Qxc3 22. h3 Bxf3 23. Nxf3 Rd8 24. Qc2 Qxc2 25. Rxc2 Rd1+ 26. Kh2 b6 27. Re2 e6 28. h4 Kf8 29. Bf4 Ke8 30. g4 Kd7 31. Kg2 Nd4 32. Nxd4 Rxd4 33. Kf3 h5 34. Kg3 hxg4 0-1

[Event "WchT Seniors 65"]
[Site "Rhodes"]
[Date "2019.04.17"]
[Round "2.8"]
[White "Illi, Hans Joerg"]
[Black "Svensson, Soren"]
[Result "1-0"]
[WhiteElo "2002"]
[BlackElo "1964"]
[PlyCount "61"]
[EventDate "2019.04.16"]
[EventType "team-swiss"]
[EventRounds "9"]
[EventCountry "GRE"]
[SourceTitle "CBM 190 Extra"]
[Source "ChessBase"]
[SourceDate "2019.07.15"]
[SourceVersion "1"]
[SourceVersionDate "2019.07.15"]
[SourceQuality "1"]
[WhiteTeam "Switzerland"]
[BlackTeam "Sweden II"]
[WhiteTeamCountry "SUI"]
[BlackTeamCountry "SWE"]

1. d4 d5 2. Nf3 e6 3. c3 Nf6 4. Bg5 Be7 5. Nbd2 h6 6. Bh4 0-0 7. Ne5 c5 8. e3 Nbd7 9. f4 Nxe5 10. fxe5 Nd7 11. Bxe7 Qxe7 12. Bd3 b6 13. 0-0 Bb7 14. Bb5 a6 15. Bxd7 Qxd7 16. Qg4 Qe7 17. Rf4 a5 18. Raf1 Ba6 19. R1f2 Bd3 20. h4 b5 21. e4 dxe4 22. Nxe4 Bxe4 23. Rxe4 Rad8 24. a3 cxd4 25. cxd4 Rc8 26. Ref4 Rc1+ 27. Kh2 Qc7 28. Rf6 Rc2 29. R2f3 Kh8 30. Rg3 Rg8 31. Rxh6+ 1-0

[Event "EU-chT Seniors 65"]
[Site "Novi Sad"]
[Date "2017.07.03"]
[Round "9.2"]
[White "Alkkiomaki, Jyrki"]
[Black "Illi, Hans Joerg"]
[Result "0-1"]
[WhiteElo "1958"]
[BlackElo "2060"]
[PlyCount "98"]
[EventDate "2017.06.25"]
[EventType "team-tourn"]
[EventRounds "9"]
[EventCountry "SRB"]
[SourceTitle "EXT 2018"]
[Source "ChessBase"]
[SourceDate "2017.10.13"]
[SourceVersion "1"]
[SourceVersionDate "2017.10.13"]
[SourceQuality "1"]
[WhiteTeam "Finland Turku 65"]
[BlackTeam "Switzerland 65"]
[WhiteTeamCountry "FIN"]
[BlackTeamCountry "SUI"]

1. e4 c6 2. d4 d5 3. exd5 cxd5 4. c4 Nf6 5. Nc3 Nc6 6. Nf3 Bg4 7. cxd5 Nxd5 8. Qb3 Bxf3 9. gxf3 Nb6 10. d5 Nd4 11. Qd1 Nf5 12. Bb5+ Nd7 13. 0-0 g6 14. Re1 Bg7 15. Bg5 f6 16. Bf4 0-0 17. Bd3 Nd6 18. Qe2 Ne5 19. Bxe5 fxe5 20. Ne4 Nf5 21. Nd2 Nd4 22. Qd1 Kh8 23. Be4 Qb6 24. Nb3 Nf5 25. Qd3 Nd4 26. Kh1 Nxb3 27. axb3 Rfc8 28. Rg1 Qd4 29. Qe2 Bf6 30. Rg4 Qb6 31. Rag1 Rg8 32. R1g3 Rg7 33. Qc2 Qd8 34. Rh3 Kg8 35. Qd2 Kf7 36. Qd3 Qg8 37. Rh6 Rd8 38. h4 Rd6 39. h5 g5 40. Bxh7 Qd8 41. Be4 Qb6 42. Kg2 e6 43. dxe6+ Kxe6 44. Qc4+ Ke7 45. Bd5 Rd7 46. Re4 Qd6 47. Bg8 b5 48. Qc8 Rd8 49. Qb7+ Kf8 0-1

[Event "EU-chT Seniors 65"]
[Site "Novi Sad"]
[Date "2017.07.01"]
[Round "7.1"]
[White "Lerstad, Bjorn"]
[Black "Illi, Hans Joerg"]
[Result "1/2-1/2"]
[WhiteElo "1938"]
[BlackElo "2060"]
[PlyCount "122"]
[EventDate "2017.06.25"]
[EventType "team-tourn"]
[EventRounds "9"]
[EventCountry "SRB"]
[SourceTitle "CBM 179 Extra"]
[Source "ChessBase"]
[SourceDate "2017.08.23"]
[SourceVersion "1"]
[SourceVersionDate "2017.08.23"]
[SourceQuality "1"]
[WhiteTeam "Norway 65"]
[BlackTeam "Switzerland 65"]
[WhiteTeamCountry "NOR"]
[BlackTeamCountry "SUI"]

1. e4 c6 2. Nc3 d5 3. Nf3 Bg4 4. exd5 cxd5 5. d4 e6 6. a3 Nc6 7. Be2 Bd6 8. h3 Bh5 9. 0-0 Nf6 10. Be3 Bxf3 11. Bxf3 0-0 12. Be2 Rc8 13. Bd3 Na5 14. Qd2 Nc4 15. Bxc4 Rxc4 16. Bf4 Bxf4 17. Qxf4 Qb6 18. Rab1 Qxd4 19. Qxd4 Rxd4 20. Nb5 Rd2 21. c3 a6 22. Nd4 e5 23. Nb3 Rc2 24. Rfc1 Rxc1+ 25. Rxc1 Rc8 26. Re1 Re8 27. Nc5 Re7 28. Nd3 Nd7 29. Nb4 Nb6 30. Rd1 Rd7 31. Nd3 f6 32. Rd2 Kf7 33. g4 Rc7 34. Re2 h6 35. Kg2 Nc4 36. Nb4 Rc5 37. Nd3 Rc6 38. Nb4 Rd6 39. Nd3 b6 40. Nb4 a5 41. Nd3 g5 42. a4 e4 43. Nc1 Ne5 44. Nb3 Nf3 45. Nd2 Nxd2 46. Rxd2 Ke6 47. f3 f5 48. gxf5+ Kxf5 49. fxe4+ Kxe4 50. Rd4+ Ke5 51. h4 Rg6 52. hxg5 Rxg5+ 53. Kf2 Rh5 54. Kg2 Rg5+ 55. Kf2 Rf5+ 56. Kg3 h5 57. Rh4 Kf6 58. Rd4 Kg5 59. c4 dxc4 60. Rxc4 Rd5 61. b4 Rd3+ 1/2-1/2

[Event "WchT Seniors 65"]
[Site "Hersonissos"]
[Date "2017.04.27"]
[Round "4.4"]
[White "Illi, Hans Joerg"]
[Black "Zhelnin, Vladimir V"]
[Result "0-1"]
[WhiteElo "2059"]
[BlackElo "2455"]
[PlyCount "102"]
[EventDate "2017.04.24"]
[EventType "team-swiss"]
[EventRounds "9"]
[EventCountry "GRE"]
[SourceTitle "CBM 178 Extra"]
[Source "ChessBase"]
[SourceDate "2017.06.22"]
[SourceVersion "1"]
[SourceVersionDate "2017.06.22"]
[SourceQuality "1"]
[WhiteTeam "Switzerland"]
[BlackTeam "Russia"]
[WhiteTeamCountry "SUI"]
[BlackTeamCountry "RUS"]

1. d4 Nf6 2. Nf3 g6 3. Bg5 Bg7 4. Nbd2 0-0 5. c3 d6 6. e4 Qe8 7. Bc4 e5 8. 0-0 h6 9. Bh4 Nbd7 10. Re1 Nh5 11. Bg3 Nxg3 12. hxg3 Qe7 13. dxe5 dxe5 14. Nf1 Nb6 15. Bb3 a5 16. a4 Rd8 17. Qc2 Bd7 18. Ne3 c6 19. Bc4 Nxc4 20. Nxc4 Qc5 21. Ne3 Be6 22. Red1 Bf6 23. Rxd8+ Rxd8 24. Rd1 Rxd1+ 25. Qxd1 Qb6 26. Qa1 Kg7 27. Qa3 Qc7 28. c4 Qb6 29. Qc3 Qc5 30. b3 h5 31. Nc2 Qd6 32. Qd2 Qxd2 33. Nxd2 Be7 34. Kf1 Bc5 35. Ke2 f6 36. f3 Kf7 37. Ne1 Ke7 38. Nd3 Bd4 39. c5 f5 40. Nc4 Bxc4 41. bxc4 Kf6 42. Kf1 fxe4 43. fxe4 Kg5 44. Ne1 Bxc5 45. Nf3+ Kf6 46. Nh2 b5 47. cxb5 cxb5 48. axb5 a4 49. Nf3 a3 50. Nd2 a2 51. Nb3 Bd4 0-1

[Event "WchT Seniors 65"]
[Site "Radebeul"]
[Date "2016.07.01"]
[Round "6.6"]
[White "Illi, Hans Joerg"]
[Black "Singer, Hans"]
[Result "1/2-1/2"]
[WhiteElo "2042"]
[BlackElo "2191"]
[PlyCount "92"]
[EventDate "2016.06.26"]
[EventType "team-swiss"]
[EventRounds "9"]
[EventCountry "GER"]
[SourceTitle "CBM 173 Extra"]
[Source "ChessBase"]
[SourceDate "2016.08.29"]
[SourceVersion "1"]
[SourceVersionDate "2016.08.29"]
[SourceQuality "1"]
[WhiteTeam "Switzerland"]
[BlackTeam "Austria"]
[WhiteTeamCountry "SUI"]
[BlackTeamCountry "AUT"]

1. d4 Nf6 2. Nf3 e6 3. Bg5 c5 4. e3 b6 5. d5 d6 6. Nc3 Be7 7. Bb5+ Bd7 8. Bxf6 Bxf6 9. Qd3 Bxc3+ 10. bxc3 e5 11. e4 0-0 12. Bxd7 Nxd7 13. c4 f5 14. Nd2 f4 15. f3 Rf6 16. g4 fxg3 17. hxg3 Nf8 18. 0-0-0 Qe8 19. Rde1 Ng6 20. Rh3 a6 21. Kd1 b5 22. Ke2 Qd7 23. Reh1 h6 24. R3h2 Rb8 25. Rb1 Rf7 26. Rh5 Ne7 27. Qe3 Rbf8 28. Rf1 Rf6 29. Rh2 Nc8 30. g4 Rf4 31. Rg1 bxc4 32. g5 hxg5 33. Rxg5 Qa4 34. Rhg2 R8f7 35. Qc3 Nb6 36. a3 Qb5 37. R2g3 Kf8 38. Rg6 R4f6 39. Kf2 Rxg6 40. Rxg6 Rf6 41. Rxf6+ gxf6 42. f4 Qd7 43. fxe5 fxe5 44. Nxc4 Nxc4 45. Qxc4 Qf7+ 46. Ke2 Qf4 1/2-1/2

[Event "EU-chT Seniors 65"]
[Site "Chalkidiki"]
[Date "2016.04.22"]
[Round "4.4"]
[White "Scrimgour, Alan"]
[Black "Illi, Hans Joerg"]
[Result "1/2-1/2"]
[WhiteElo "2063"]
[BlackElo "2075"]
[PlyCount "20"]
[EventDate "2016.04.19"]
[EventType "team-tourn"]
[EventRounds "9"]
[EventCountry "GRE"]
[SourceTitle "CBM 172 Extra"]
[Source "ChessBase"]
[SourceDate "2016.06.21"]
[SourceVersion "1"]
[SourceVersionDate "2016.06.21"]
[SourceQuality "1"]
[WhiteTeam "Scotland"]
[BlackTeam "Switzerland"]
[WhiteTeamCountry "SCO"]
[BlackTeamCountry "SUI"]

1. e4 c6 2. d4 d5 3. exd5 cxd5 4. c4 Nf6 5. Nc3 e6 6. Nf3 Bb4 7. Qc2 Nc6 8. cxd5 exd5 9. h3 0-0 10. Be2 h6 1/2-1/2

[Event "EU-chT Seniors"]
[Site "Vienna"]
[Date "2015.07.19"]
[Round "8.6"]
[White "Haubt, Georg"]
[Black "Illi, Hans Joerg"]
[Result "1-0"]
[WhiteElo "2193"]
[BlackElo "2078"]
[PlyCount "61"]
[EventDate "2015.07.12"]
[EventType "team-swiss"]
[EventRounds "9"]
[EventCountry "AUT"]
[SourceTitle "EXT 2018"]
[Source "ChessBase"]
[SourceDate "2017.10.13"]
[SourceVersion "1"]
[SourceVersionDate "2017.10.13"]
[SourceQuality "1"]
[WhiteTeam "Hessen"]
[BlackTeam "Switzerland"]
[WhiteTeamCountry "GER"]
[BlackTeamCountry "SUI"]

1. d4 e6 2. e4 d5 3. Nc3 dxe4 4. Nxe4 Bd7 5. Nf3 Bc6 6. Bd3 Nd7 7. c4 Ngf6 8. Nc3 Bxf3 9. Qxf3 c6 10. 0-0 Bb4 11. Bg5 Qa5 12. Bd2 0-0 13. a3 Be7 14. Rfe1 Rfe8 15. b4 Qh5 16. Qg3 Qg4 17. Qe3 Bd6 18. h3 Qh4 19. f4 Nh5 20. Ne2 g5 21. fxg5 e5 22. Qe4 Nf4 23. Nxf4 exf4 24. Qf5 Nf8 25. Qf6 Qg3 26. Bc2 Re6 27. Rxe6 Nxe6 28. Rf1 f3 29. Rxf3 Qh2+ 30. Kf2 Nxd4 31. Qxf7+ 1-0

[Event "EU-chT Seniors"]
[Site "Vienna"]
[Date "2015.07.18"]
[Round "7.8"]
[White "Illi, Hans Joerg"]
[Black "Sukopp, Karl"]
[Result "1-0"]
[WhiteElo "2078"]
[BlackElo "1975"]
[PlyCount "142"]
[EventDate "2015.07.12"]
[EventType "team-swiss"]
[EventRounds "9"]
[EventCountry "AUT"]
[SourceTitle "EXT 2018"]
[Source "ChessBase"]
[SourceDate "2017.10.13"]
[SourceVersion "1"]
[SourceVersionDate "2017.10.13"]
[SourceQuality "1"]
[WhiteTeam "Switzerland"]
[BlackTeam "Niederoesterreich"]
[WhiteTeamCountry "SUI"]
[BlackTeamCountry "AUT"]

1. d4 g6 2. Nf3 Bg7 3. e4 d6 4. Bc4 a6 5. c3 b5 6. Bb3 e6 7. Bg5 Ne7 8. Nbd2 Nd7 9. 0-0 Bb7 10. Qe2 h6 11. Be3 Nf6 12. Bc2 Ng4 13. a4 Nxe3 14. Qxe3 0-0 15. Bb3 Qd7 16. Ne1 Kh7 17. Nd3 Bc6 18. a5 Rae8 19. f3 Bb7 20. Rad1 Nc6 21. Ra1 Ne7 22. Rfd1 f5 23. Rf1 Bc8 24. Bc2 Nc6 25. Rfd1 Qe7 26. b4 e5 27. d5 f4 28. Qf2 Nd8 29. Kf1 Bb7 30. Bb3 c6 31. c4 bxc4 32. dxc6 cxb3 33. cxb7 Qxb7 34. Nxb3 Nc6 35. Qb6 Rb8 36. Ra4 Qxb6 37. axb6 Rxb6 38. Nbc1 Rfb8 39. Ne2 Bf8 40. Rc1 R8b7 41. Rc4 Kg7 42. Nc3 Nb8 43. Nd5 Rb5 44. Nc7 R5b6 45. Nd5 Rb5 46. Ke2 Kf7 47. Kd2 Be7 48. Nc1 Bd8 49. Ne2 a5 50. Nec3 axb4 51. Nxb5 Rxb5 52. Ra7+ Ke8 53. Nxb4 Rxb4 54. Rxb4 Nc6 55. Rbb7 Nxa7 56. Rxa7 Be7 57. Kd3 Kf7 58. Kc4 Ke6 59. Ra8 h5 60. Rh8 h4 61. Rh7 Bg5 62. Kb5 d5 63. exd5+ Kxd5 64. Rg7 e4 65. Rxg6 e3 66. Rxg5+ Kd4 67. Rf5 h3 68. gxh3 Kd3 69. Rxf4 Ke2 70. Rf8 Kf2 71. f4 e2 1-0

[Event "Arco op 36th"]
[Site "Arco"]
[Date "2014.10.06"]
[Round "3"]
[White "Sprea, Giuseppe"]
[Black "Illi, Hans Joerg"]
[Result "1-0"]
[WhiteElo "1938"]
[BlackElo "2127"]
[PlyCount "99"]
[EventDate "2014.10.04"]
[EventType "swiss"]
[EventRounds "9"]
[EventCountry "ITA"]
[SourceTitle "CBM 162 Extra"]
[Source "ChessBase"]
[SourceDate "2014.10.17"]
[SourceVersion "1"]
[SourceVersionDate "2014.10.17"]
[SourceQuality "1"]

1. d4 Nf6 2. c4 e6 3. Nf3 Bb4+ 4. Bd2 Qe7 5. g3 0-0 6. Bg2 Bxd2+ 7. Nbxd2 d6 8. 0-0 e5 9. e4 Nc6 10. d5 Nb8 11. Ne1 Bg4 12. f3 Bc8 13. Nd3 a5 14. b3 c6 15. Qe1 b5 16. Qe3 Ba6 17. Rfd1 bxc4 18. bxc4 c5 19. Nf2 Nbd7 20. Rdb1 Rfb8 21. Nd1 Rb4 22. a3 Rbb8 23. Nc3 Rxb1+ 24. Rxb1 Rb8 25. Rxb8+ Nxb8 26. Nb5 Ne8 27. Qc3 Qd8 28. a4 Bb7 29. Nb3 Na6 30. Nxa5 Qb6 31. Nxb7 Qxb7 32. Qa5 Nac7 33. Qa7 Qxa7 34. Nxa7 Na6 35. Nb5 Kf8 36. Bh3 Ke7 37. Bc8 Nec7 38. Kf2 Nxb5 39. cxb5 Nb4 40. b6 Kd8 41. Bb7 Nd3+ 42. Kf1 c4 43. Ke2 Nc5 44. Bc6 Nb3 45. Kd1 Kc8 46. Kc2 Na5 47. Kc3 Kb8 48. Kb4 g6 49. Bb5 c3 50. Bd3 1-0

[Event "Liechtenstein Seniors op"]
[Site "Triesen"]
[Date "2014.05.30"]
[Round "8"]
[White "Illi, Hans Joerg"]
[Black "Ten Berge, Hans JM"]
[Result "1/2-1/2"]
[WhiteElo "2111"]
[BlackElo "2040"]
[PlyCount "43"]
[EventDate "2014.05.23"]
[EventType "swiss"]
[EventRounds "9"]
[EventCountry "LIE"]
[SourceTitle "CBM 160 Extra"]
[Source "ChessBase"]
[SourceDate "2014.07.01"]
[SourceVersion "1"]
[SourceVersionDate "2014.07.01"]
[SourceQuality "1"]

1. d4 e6 2. Nf3 d5 3. c3 Bd6 4. Bg5 f6 5. Bh4 Ne7 6. Nbd2 Nf5 7. Bg3 Nxg3 8. hxg3 0-0 9. e4 f5 10. e5 Be7 11. Qc2 b6 12. g4 g6 13. gxf5 exf5 14. 0-0-0 c6 15. Kb1 Na6 16. Bxa6 Bxa6 17. Rh6 Bc8 18. Rdh1 Rf7 19. e6 Rg7 20. Ne5 Bg5 21. Nf7 Qe7 22. Nxg5 1/2-1/2

[Event "EU-chT Seniors 15th"]
[Site "Dresden"]
[Date "2013.07.22"]
[Round "3"]
[White "Illi, Hans Joerg"]
[Black "Titorenko, Natalia I"]
[Result "1/2-1/2"]
[WhiteElo "2129"]
[BlackElo "2164"]
[PlyCount "21"]
[EventDate "2013.07.20"]
[EventType "team-swiss"]
[EventRounds "9"]
[EventCountry "GER"]
[SourceTitle "CBM 155 Extra"]
[Source "ChessBase"]
[SourceDate "2013.08.26"]
[SourceVersion "1"]
[SourceVersionDate "2013.08.26"]
[SourceQuality "1"]
[WhiteTeam "Switzerland"]
[BlackTeam "Russia (W)"]
[WhiteTeamCountry "SUI"]
[BlackTeamCountry "RUS"]

1. d4 Nf6 2. Nf3 e6 3. Bg5 c5 4. e3 b6 5. c3 Bb7 6. Be2 Be7 7. 0-0 d6 8. Nbd2 Nbd7 9. Qa4 0-0 10. Ba6 Bxa6 11. Qxa6 1/2-1/2

[Event "Liechtenstein op Seniors"]
[Site "Triesen"]
[Date "2013.05.11"]
[Round "9"]
[White "Valenti, Giuseppe"]
[Black "Illi, Hans Joerg"]
[Result "1/2-1/2"]
[WhiteElo "2191"]
[BlackElo "2111"]
[PlyCount "39"]
[EventDate "2013.05.03"]
[EventType "swiss"]
[EventRounds "9"]
[EventCountry "LIE"]
[SourceTitle "CBM 154 Extra"]
[Source "ChessBase"]
[SourceDate "2013.06.25"]
[SourceVersion "2"]
[SourceVersionDate "2013.06.25"]
[SourceQuality "1"]

1. e4 e6 2. d4 d5 3. Nd2 dxe4 4. Nxe4 Bd7 5. Nf3 Bc6 6. Bd3 Nd7 7. Qe2 Ngf6 8. c3 Nxe4 9. Bxe4 Bxe4 10. Qxe4 c6 11. 0-0 Nf6 12. Qc2 Bd6 13. Re1 Qc7 14. Qb3 0-0 15. Bg5 Nd7 16. Re2 Rfe8 17. Rae1 Be7 18. Qc2 Bxg5 19. Nxg5 Nf8 20. g3 1/2-1/2

[Event "Liechtenstein op Seniors"]
[Site "Triesen"]
[Date "2013.05.03"]
[Round "1"]
[White "Illi, Hans Joerg"]
[Black "Norman, Dinah M"]
[Result "1-0"]
[WhiteElo "2111"]
[BlackElo "1847"]
[PlyCount "45"]
[EventDate "2013.05.03"]
[EventType "swiss"]
[EventRounds "9"]
[EventCountry "LIE"]
[SourceTitle "CBM 154 Extra"]
[Source "ChessBase"]
[SourceDate "2013.06.25"]
[SourceVersion "2"]
[SourceVersionDate "2013.06.25"]
[SourceQuality "1"]

1. d4 d5 2. Nf3 Nf6 3. Bg5 e6 4. Nbd2 Be7 5. e3 Nbd7 6. Bd3 c5 7. c3 h6 8. Bh4 0-0 9. 0-0 b6 10. Ne5 Bb7 11. f4 Rc8 12. Ndf3 a5 13. Bb5 Nb8 14. Bxf6 Bxf6 15. Qe2 Be7 16. Kh1 Rc7 17. Rad1 Qc8 18. g4 Ba6 19. Bxa6 Qxa6 20. Qg2 Qc8 21. g5 h5 22. g6 f6 23. Qh3 1-0

[Event "EU-chT Seniors"]
[Site "Rogaska Slatina"]
[Date "2012.03.27"]
[Round "1.6"]
[White "Illi, Hans Joerg"]
[Black "Sollid, Stein"]
[Result "1-0"]
[WhiteElo "2109"]
[BlackElo "2018"]
[PlyCount "65"]
[EventDate "2012.03.27"]
[EventType "team-swiss"]
[EventRounds "9"]
[EventCountry "SLO"]
[SourceTitle "CBM 147 Extra"]
[Source "ChessBase"]
[SourceDate "2012.04.24"]
[SourceVersion "1"]
[SourceVersionDate "2012.04.24"]
[SourceQuality "1"]
[WhiteTeam "Switzerland (Seniors)"]
[BlackTeam "Norway (Seniors) II"]
[WhiteTeamCountry "SUI"]
[BlackTeamCountry "NOR"]

1. d4 Nf6 2. Nf3 b6 3. Bg5 Ne4 4. Bh4 Bb7 5. Nfd2 g6 6. Nxe4 Bxe4 7. d5 Bg7 8. Nc3 Bf5 9. e4 g5 10. Bxg5 Bg6 11. Bd3 d6 12. f4 h6 13. Bh4 Nd7 14. f5 Bh7 15. Bb5 Rg8 16. Qd2 Kf8 17. Bxd7 Qxd7 18. 0-0 f6 19. Qe2 a6 20. a4 Qe8 21. Bf2 Qf7 22. Be3 Qe8 23. Rf4 Rh8 24. Ra3 Bg8 25. Rh4 h5 26. Qd3 Bf7 27. Ne2 Rb8 28. Nd4 Ra8 29. Bf4 Rc8 30. a5 b5 31. Rc3 Qd7 32. Rc6 Ra8 33. Rh3 1-0